Statistiques concernant Capitales d'Europe de l'est

Cliquez ici pour prendre le quiz!

Statistiques générales

  • Ce quiz a été pris 58 fois
    (31 depuis la dernière actualisation)
  • Le résultat moyen est 21 sur 23

Statistiques - réponses

HintRéponse% Correct
Grèce Athènes
97%
Roumanie Bucarest
97%
Ukraine Kiev
97%
Bélarus Minsk
97%
Russie (la Fédération de)Moscou
97%
Tchéquie Prague
97%
Bosnie-Herzégovine Sarajevo
97%
Bulgarie Sofia
97%
Pologne Varsovie
97%
Croatie Zagreb
97%
HongrieBudapest
93%
MalteLa Valette
93%
Estonie Tallinn
93%
Lituanie Vilnius
90%
Serbie Belgrade
87%
Slovaquie Bratislava
87%
Slovénie Ljubljana
87%
Lettonie Riga
87%
Albanie Tirana
87%
Liechtenstein Vaduz
87%
Moldavie (la République de)Chisinau
83%
Macédoine du Nord Skopje
77%
Monténégro Podgorica
70%

Distribution des résultats

Percentile par nombre de réponses

% des personnes avec chaque résultat

Votre développement - résultats

Vous n’avez pas pris ce quiz depuis la dernière actualisation